Grösste Gebirge - Statistiken

Allgemein
  • Dieses Quiz wurde 110 mal gespielt
  • Das Durchschnittsergebnis liegt bei 5 aus 26
Antwortstatistiken
Rang Fläche Top Ten-Ø Höchster Berg Gebirge % Korrekt
1. 2'360'000 km² 8'378 m Mount Everest Hochasien
97%
22. 5'800 km² 4'290 m Mont Blanc Alpen (West)
88%
2. 970'000 km² 6'767 m Aconcagua Anden
86%
3. 100'000 km² 4'372 m Mount Elbert Rocky Mountains
64%
8. 17'700 km² 5'139 m Elbrus Kaukasus
63%
24. 5'600 km² 4'029 m Toubkal Hoher Atlas
31%
14. 12'000 km² 4'317 m Mount Whitney Sierra Nevada (Süd)
14%
11. 15'900 km² 4'854 m Citlaltépetl Sierra Nevada Volcánica
14%
5. 63'500 km² 4'210 m Belucha Altai
6%
4. 66'000 km² 5'553 m Chimborazo Cordillera de los Andes
4%
23. 5'100 km² 4'715 m Pico Bolívar Cordillera de Mérida
4%
18. 8'100 km² 4'687 m Damāvand Elburs-Gebirge
1%
10. 19'000 km² 4'150 m Gannett Peak Absaroka Range
0%
21. 5'900 km² 4'437 m Bogda Feng Bogda Shan
0%
7. 32'400 km² 4'748 m Ritacuba Blanco Cordillera Oriental
0%
25. 5'200 km² 4'217 m Tomort Dahei Shan und Karlik Shan
0%
19. 6'700 km² 5'056 m Mount Logan Eliaskette (Nord)
0%
12. 16'900 km² 3'553 m Tullu Dimtu Hochland von Abessinien (Süd)
0%
6. 40'800 km² 4'392 m Ras Daschän Hochland von Abessinien (Zentral und Nord)
0%
26. 5'000 km² 4'246 m Mount Kirkpatrick Königin-Alexandra-Kette
0%
15. 10'000 km² 4'039 m Mount Kaplan Königin-Maud-Gebirge
0%
16. 9'700 km² 4'081 m Hezar Kuhrud (Süd)
0%
9. 16'900 km² 4'685 m Puncak Jaya Maokegebirge
0%
17. 10'200 km² 3'851 m Alagordy Tarbagataigebirge und dsungarischer Alatau
0%
20. 7'600 km² 4'071 m Kings Peak Uinta Mountains
0%
13. 14'400 km² 3'952 m Dena Zāgros-Gebirge
0%
Keine übereinstimmenden Quizze gefunden
Verteilung der Resultate
Anzahl Personen mit jedem Resultat
Perzentil nach korrekt beantworteten Fragen
Ihre Resultats-Entwicklung
Sie haben dieses Quiz noch nicht gespielt